| 000 | 00778cam a22002415a 4500 | ||
|---|---|---|---|
| 001 | 016588561 | ||
| 003 | OSt | ||
| 005 | 20151017134431.0 | ||
| 008 | 131129t2014 enk frb f001 0 eng d | ||
| 020 | _a9780198712978 (pbk.) | ||
| 020 | _z9780192657674 (hbk.) | ||
| 040 |
_aStDuBDS _beng _cStDuBDS _dUk _dEG-ScBUE |
||
| 082 | 0 | 4 |
_a341 _222 _bVEN |
| 100 | 1 |
_aVenzke, Ingo, _938504 |
|
| 245 | 1 | 0 |
_aHow interpretation makes international law : _bon semantic change and normative twists / _cIngo Venzke. |
| 260 |
_aOxford : _bOxford university press, _cc.2014. |
||
| 300 |
_axxiv, 319 p. ; _c24 cm. |
||
| 500 | _aIndex : p. 313-319. | ||
| 504 | _aBibliography : p. 266-311. | ||
| 650 | 7 |
_aInternational law. _2BUEsh _99620 |
|
| 653 |
_bBUSBOL _cJune2015 _cOctober2015 |
||
| 942 | _2ddc | ||
| 999 |
_c19965 _d19937 |
||